000 00261nam a22001097a 4500
082 _a380/CAR
100 _aDale,Carnegie
_982849
245 _aThe Art of PUBLIC SPEAKING
260 _aMumbai
_bJaicoPublishing House
_c2022
650 _aCOMMUNICATION
942 _cBK
999 _c67695
_d67695